000 00901nam a2200217Ia 4500
003 GCL
008 140319s9999 xx 000 0 ara d
040 _aGCL /
_cGCL
082 0 4 _a189
_bر ت
100 1 _aابن رشد : ابوالوليد محمد بن احمد بن محمد الاندلسى القرطبى
245 1 0 _aتلخيص الاثار العلوية /
_cابن رشد : ابوالوليد محمد بن احمد بن محمد الاندلسى القرطبى
700 1 _aجمال الدين العلوى
700 1 _aمحمد علال سيناصر (تصدير)
260 _a[S.N] :
_bدار الغرب الاسلامى ،
_c1994
300 _a222 ص
490 _aسلسلة المتن الرشدى
_v0
650 0 4 _aالفلسفة الاسلامية
650 0 4 _aالحركات الفكرية عند المسلمين
650 0 4 _aفلسفة ارسطو
942 _2ddc
_cBK
999 _c35218
_d35218